Statystyki dla Podstawowa wiedza o Harrym Potterze

Kliknij tutaj aby rozwiązać quiz!

Ogólne statystyki

  • Ten quiz został rozwiązany 3 968 razy
  • Średni wynik to 23 z 30

Statystyki odpowiedzi

PytanieOdpowiedź% Poprawnych
Jak nazywała się szkoła, do której chodził Harry Potter?Hogwart
98%
Kto powiedział Harremu, że tak naprawdę jest czarodziejem?Hagrid
95%
Kto jest najbliższym przyjacielem Harrego?Ron Weasley
95%
Kto jest dyrektorem szkoły, do której uczęszczał Harry?Albus Dumbledore
93%
Kto jest największym wrogiem Harrego?Lord Voldemort
93%
Z jakiego peronu odjeżdżał pociąg jadący do szkoły?9 3/4
91%
Czym było zwierzątka Harrego?Sowa
86%
W jaką grę czarodzieje grają na miotłach?Quidditch
85%
Który nauczyciel był pogardzany przez wielu, nauczyciel eliksirów?Severus Snape
85%
Na jakiej pozycji, w tej grze, grał Harry?Szukający
85%
Z jakiego więzienia uciekł Syriusz Black?Azkaban
83%
Jak na imię ma mama Harrego Pottera?Lily Potter
82%
Do jakiego domu należy Draco Malfoy?Slytherin
82%
Jak nazywało się stworzenie, które zamieszkiwało Komnatę Tajemnic?Bazyliszek
80%
W jakim kraju powstały te książki?Wielka Brytania
80%
Jak nazywa się bliźniak George'a Weasley'a?Fred
77%
Jak nazywało się zwierzątko Harrego?Hedwiga
77%
Kto potrafi wyssać całe szczęście i dobro z otoczenia?Dementor
76%
Kto napisał książki Harrego Pottera?J.K. Rowling
76%
Jak nazywa się najbliższa przyjaciółka Harrego?Hermiona Granger
74%
Co robiło zaklęcie "Alohomora"?Otwierało
74%
Czym jest Dziennik Toma Riddle'a?Horkruks
73%
Jak nazywał się wąż Lorda Voldemorta?Nagini
73%
Kto zamieszkuje łazienkę dziewczyn?Jęcząca Marta
69%
Kto zginął podczas Turnieju Trójmagicznego?Cedric Diggory
66%
Który dom posiadał niebieskie barwy?Ravenclaw
66%
Jakim typem stworzenia jest Zgredek?Skrzat domowy
60%
Kto nosił kolczyki z rzodkiewki?Luna Lovegood
50%
Który duch sieje spustoszenie w szkole?Irytek
39%
Jaki bal odbył się w szkole podczas ferii zimowych?Bal Bożonarodzeniowy
28%

Rozkład punktacji

Percentyl według liczby udzielonych odpowiedzi

Procent ludzi z każdym wynikiem

Twoja historia wyników

Nie rozwiązałeś tego quizu